|
|
|
|
| LEADER |
00944nam a2200265 a 4500 |
| 001 |
2952 |
| 003 |
BD-DhAAL |
| 005 |
20151011105428.0 |
| 008 |
151011s1994 vtua b 001 0 eng |
| 010 |
|
|
|a 93061778
|
| 020 |
|
|
|a 0939246600 :
|c $24.00
|
| 020 |
|
|
|a 0471132039
|
| 040 |
|
|
|a DLC
|c DLC
|d BD-DhAAL
|
| 050 |
0 |
0 |
|a TS156.6
|b .K36 1994
|
| 082 |
0 |
0 |
|a 658.5/62
|2 20
|
| 100 |
1 |
|
|a Kantner, Rob.
|9 15265
|
| 245 |
1 |
4 |
|a The ISO 9000 answer book /
|c Rob Kantner.
|
| 260 |
|
|
|a Essex Junction, VT :
|a New York :
|b Omneo,
|b John Wiley & Sons,
|c c1994.
|
| 300 |
|
|
|a xv, 270 p. :
|b ill. ;
|c 24 cm.
|
| 504 |
|
|
|a Includes bibliographical references (p. [261]-262) and index.
|
| 541 |
|
|
|e 2952
|
| 650 |
|
0 |
|a ISO 9000 Series Standards.
|9 15266
|
| 942 |
|
|
|2 ddc
|c BK
|
| 999 |
|
|
|c 35747
|d 35747
|
| 952 |
|
|
|0 0
|1 0
|2 ddc
|4 0
|6 658_500000000000000_62_KAN
|7 0
|9 56213
|a SCL
|b SCL
|c GEN
|d 2015-10-11
|e Gift: The Asia Foundation
|l 0
|o 658.562 KAN
|p 3020002952
|r 2015-10-11
|t 1
|w 2015-10-11
|y BK
|